000 00454nam a2200169Ia 4500
005 20250701024729.0
008 240331s9999 xx 000 0 und d
020 _a9551178068
082 _bFON
_a891
100 _aFonseka,L
245 0 _aNiwase paladayithawa
250 _a3rd
260 _aMaradana
_b Sadeepa Publishers
_c2007
300 _a200 p .,
500 _aNiwase Paladayithawa - Without unity, there is no happiness in the house
942 _cL
999 _c5173
_d5173